Statistiques concernant Géographie par image - B

Cliquez ici pour prendre le quiz!

Statistiques générales

  • Ce quiz a été pris 15 845 fois
  • Le résultat moyen est 11 sur 18

Statistiques - réponses

Réponse% Correct
Belgique
99%
Brésil
97%
Berlin
88%
Baltique
82%
Bruxelles
80%
Bavière
65%
Mont {Blanc}
64%
Babylone
63%
Bretagne
61%
Bolivie
56%
Budapest
48%
Bornéo
47%
Bangkok
45%
Biélorussie
43%
Boston
40%
Bali
36%
Bilbao
30%
Bosphore
28%

Distribution des résultats

Percentile par nombre de réponses

% des personnes avec chaque résultat

Votre développement - résultats

Vous n’avez pas pris ce quiz